000 01283nam a2200313 a 4500
001 C01472317c-9
003 CO-ViMGA
005 20230915233136.0
008 150216s2014 ck a gr 000 0 spa d
020 _a9789588818221
040 _aCO-ViMGA
_bspa
_cCO-ViMGA
082 0 4 _a371.782
_bV45e
_221
100 1 _aVillegas, María.
_93618
245 1 0 _aEnfrentando el bullying /
_cdirección, textos y edición María Villegas ; ilustración Iván Chacón (Chac) ; diseño Yadira Silgado ; investigación y coordinación editorial José Jácome ; revisión Mónica Posada Saravia, Helga López, Hunza Vargas.
260 _aBogotá :
_bVillegas Editores,
_c2014.
300 _a188 páginas :
_bilustraciones ;
_c20 cm.
504 _aIncluye referencias bibliográficas (páginas 180-185) e índice.
650 1 4 _aMatoneo.
_9737
650 1 4 _aMatoneo
_x Prevención.
_9738
650 1 4 _aAcoso escolar.
_9739
650 1 4 _aAgresividad infantil
_v Estudio de casos.
_93619
650 1 4 _aAgresividad infantil
_x Causas.
_93621
650 1 4 _aAgresividad infantil
_x Diagnóstico.
_93620
650 1 4 _aViolencia en la educación.
_9740
700 1 _aChacón, Iván,
_eilustrador.
_93622
700 1 _aJácome, José.
_93624
700 1 _aSilgado, Yadira.
_93623
942 _2ddc
_cBK
999 _c35575
_d35575